Регионална библиотека "Любен Каравелов" - Русе

Аржентински разкази (Запис номер 123694)

MARC детайли
000 -Лидер
Контролно поле с фиксирана дължина 02849nam a2200457 c 4500
003 - Код на организацията, давaща контролен номер
Контролно поле BLK
005 - Дата и час на последна редакция
Контролно поле 20250404095418.0
008 - Елементи от данни с фиксирана дължина
fixed length control field 180409b bul|||||r ||||||| ||bul||
010 ## - Наследен системен номер
LC control number KNG00129357000
040 ## - Източник на каталожния запис
Идентификатор на билиотеката - собственик на записа BLK
041 ## - Код за език
Код за езика на текст/звукозапис или на отделно заглавие Български
Код за езика КДБФ Български
080 ## - УДК
Текстов определител УДК Аржентинска литература
УДК код - определител по УДК 821.134.2(82)
УДК определител -32
УДК - код + определител 821.134.2(82)-32
139 ## - Редно поле
Редна дума Аржентински разкази
Авторски знак Аре - А 83
245 10 - Сведения за заглавието
Заглавие Аржентински разкази
Подзаглавни данни Сб.
Редно поле (дума) прев. от исп. Боряна Личкова; състав. Фани Наземи; предг. от Катя Томова Диманова; * Валери Земсков; * Елба Филипова; * Емилия Ценкова; * Людмила Петракиева; * Маня Славова; * Мария Минчева; * Румен Данов; * Румен Бориславов Стоянов; * Сибила Димова; * Татяна Маринкова; * Катя Томова Диманова.
257 ## - Страна на издаване
Страна на създаване/издаване Аржентина
260 ## - Област на издателските данни
-- София
Име на издателя, разпространителя и проч. Нар. култура
Година на издаване 1987
300 ## - Физическа характеристика
Страници 397 с.
Размери/Мащаб 21 см
380 ## - Жанр
Жанр Худож. лит.
490 1# - СЕРИИ (Колекции)
Име на серия Разкази от цял свят
500 ## - Общи забележки
Забележка Други прев.: Б. Цонева, В. Рафаилова, Е. Филипова, Е. Ценкова, К. Диманова, Л. Петракиева, М. Славова, М. Минчева, Р. Данов, Р. Стоянов, С. Димова, Т. Маринкова. - Съдържа и биогр. данни за включените в сб. авт.
700 1# - Други автори (авторска отговорност)
Лично име Личкова, Боряна
Автороска отговорност (Описва отношението между автора и произведението) прев. от исп.
9 (RLIN) 377288
700 1# - Други автори (авторска отговорност)
Лично име Наземи, Фани
Автороска отговорност (Описва отношението между автора и произведението) състав.
9 (RLIN) 377208
700 1# - Други автори (авторска отговорност)
Лично име Диманова, Катя Томова
Автороска отговорност (Описва отношението между автора и произведението) предг. от
Друга информация Диманова-Василева, Катя Томова
9 (RLIN) 369177
700 1# - Други автори (авторска отговорност)
Лично име Земсков, Валери
Автороска отговорност (Описва отношението между автора и произведението) *
9 (RLIN) 318371
700 1# - Други автори (авторска отговорност)
Лично име Филипова, Елба
Автороска отговорност (Описва отношението между автора и произведението) *
9 (RLIN) 318372
700 1# - Други автори (авторска отговорност)
Лично име Ценкова, Емилия
Автороска отговорност (Описва отношението между автора и произведението) *
9 (RLIN) 369604
700 1# - Други автори (авторска отговорност)
Лично име Петракиева, Людмила
Автороска отговорност (Описва отношението между автора и произведението) *
9 (RLIN) 377289
700 1# - Други автори (авторска отговорност)
Лично име Славова, Маня
Автороска отговорност (Описва отношението между автора и произведението) *
9 (RLIN) 318373
700 1# - Други автори (авторска отговорност)
Лично име Минчева, Мария
Автороска отговорност (Описва отношението между автора и произведението) *
9 (RLIN) 377290
700 1# - Други автори (авторска отговорност)
Лично име Данов, Румен
Автороска отговорност (Описва отношението между автора и произведението) *
9 (RLIN) 318374
700 1# - Други автори (авторска отговорност)
Лично име Стоянов, Румен Бориславов
Дати, свързани с автора 1941-
Друга информация Поет, есеист. Преводач от испански и португалски език
9 (RLIN) 125948
700 1# - Други автори (авторска отговорност)
Лично име Димова, Сибила
Автороска отговорност (Описва отношението между автора и произведението) *
9 (RLIN) 318375
700 1# - Други автори (авторска отговорност)
Лично име Маринкова, Татяна
Автороска отговорност (Описва отношението между автора и произведението) *
9 (RLIN) 318376
700 1# - Други автори (авторска отговорност)
Лично име Диманова, Катя Томова
Автороска отговорност (Описва отношението между автора и произведението) *
Друга информация Диманова-Василева, Катя Томова
9 (RLIN) 369177
852 ## - Местоположение
Форматна сигнатура Цб 150786
856 4# - Електронен адрес и достъп
Електронен формат pdf - файл
Път до файла /url/
856 4# - Електронен адрес и достъп
Електронен формат pdf - файл
Път до файла /url/
942 ## - АРТИКУЛИ
Вид на библиотечния материал Книги
Скрит в OPAC Не
Koha issues (borrowed), all copies 5
944 ## - СЪЗДАВАНЕ И РЕДАКЦИЯ на ЗАПИСА
Създаване/Редакция Създаване
Дата на регистрацията/редакция 29.03.2012
Статус, дата на статуса Геновева Генчева
Служител, извършил регистрацията/редакцията 30560
944 ## - СЪЗДАВАНЕ И РЕДАКЦИЯ на ЗАПИСА
Създаване/Редакция Редакция
Дата на регистрацията/редакция 29.03.2012
Статус, дата на статуса 29.03.2012 - от С1,Р / 29.03.2012
Служител, извършил регистрацията/редакцията
999 ## - СИСТЕМНИ КОНТРОЛНИ НОМЕРА
Koha biblionumber 123694
Koha biblioitemnumber 123694
Наличности
Код за отписване Код за изгубен артикул Източник на класификационната схема Код за повреда Коз за рестрикции Код за отдаване Артикулен № Име на библиотеката - собственик Име на библиотеката, в която се намира в момента Статус (Текущо местоположение) Дата на вписване в системата Местоположение - отдел Цена в лева Инвентарен номер Систематично азбучна сигнатура Баркод Номер на екземпляра Цена в евро Служебна бележка Служебен тип на артикула Бележка за публиката
  Не е изгубен Universal Decimal Classification Не е повреден без рестрикции ползва се в читалня 200352 Регионална библиотека "Любен Каравелов" Русе Регионална библиотека "Любен Каравелов" Русе Хранилище 1987-01-01 Хранилище 3.03 487615 Цб 150786 120000487615 1 1.55 Вид: Сф Дата: 01.01.1987 Книги  
  Не е изгубен Universal Decimal Classification Не е повреден без рестрикции заемане за дома 200353 Регионална библиотека "Любен Каравелов" Русе Регионална библиотека "Любен Каравелов" Русе Заемна - подръчен фонд 1987-01-01 Заемна - подръчен фонд 3.03 487490 П 860(7/8)/А 83 120000487490 2 1.55 Вид: Сф Дата: 01.01.1987 Дата инв: 09.02.2018 Бележки инв: П2018 Книги  
Изтеглен Не е изгубен   Не е повреден без рестрикции заемане за дома 200354 Регионална библиотека "Любен Каравелов" Русе Регионална библиотека "Любен Каравелов" Русе   1987-01-01 Заемна - подръчен фонд 3.03 487493 П 860(7/8)/А 83 487493 3 1.55 Вид: Сф Дата: 01.01.1987 Книги Отч.N: 5 , Дата: 19.01.2018
Vip Innovations Ltd, Rousse, Bulgaria 2025